书目信息 |
| 题名: |
中国作物及其野生近缘植物
|
|
| 作者: | 董玉琛 , 刘旭 总主编 ;郑勇奇 , 李斌 主编 | |
| 分册: | 林木卷 | |
| 出版信息: | 北京 中国农业出版社 2020.01 |
|
| 页数: | 25, 26, 928页 | |
| 开本: | 26cm | |
| 丛书名: | ||
| 单 册: | ||
| 中图分类: | S329.2 , S722 | |
| 科图分类: | ||
| 主题词: | 作物--zuo wu--种植资源--介绍--中国 , 林木--lin mu--种质资源--介绍--中国 | |
| 电子资源: | ||
| ISBN: | 978-7-109-25840-2 | |
| 000 | 01471nam0 2200313 450 | |
| 001 | 0109110146 | |
| 005 | 20201109110337.0 | |
| 010 | @a978-7-109-25840-2@b精装@dCNY240.00 | |
| 100 | @a20200713d2020 em y0chiy50 ea | |
| 101 | 0 | @achi@eeng |
| 102 | @aCN@b110000 | |
| 105 | @aa z 000yy | |
| 106 | @ar | |
| 200 | 1 | @a中国作物及其野生近缘植物@Azhong guo zuo wu ji qi ye sheng jin yuan zhi wu@i林木卷@dCrops and their wild relatives in China@iVol. Forest crops@f董玉琛, 刘旭总主编@g郑勇奇, 李斌主编@zeng |
| 210 | @a北京@c中国农业出版社@d2020.01 | |
| 215 | @a25, 26, 928页@c图,照片@d26cm | |
| 300 | @a现代农业科技专著大系国家出版基金项目 | |
| 330 | @a本书分为导论和各论两大部分,导论部分论述了作物的种类、植物学、细胞学和农艺学分类,以及起源演化的理论,各论部分共35章,含99个栽培种,涉及野生近缘种合计45科95属420种,重点论述了各栽培种的利用价值、地理分布、生产概况、形态特征、生物学特性、栽培历史、遗传变异和种质资源,以及相关属微物的起源、演化、分类,还介绍了栽培树木野生近缘种的特征特性、分布区和特异性状。 | |
| 510 | 1 | @aCrops and their wild relatives in China@iVol. Forest crops@zeng |
| 606 | 0 | @a作物@Azuo wu@x种植资源@x介绍@y中国 |
| 606 | 0 | @a林木@Alin mu@x种质资源@x介绍@y中国 |
| 690 | @aS329.2@v5 | |
| 690 | @aS722@v5 | |
| 701 | 0 | @a董玉琛@Adong yu chen@4总主编 |
| 701 | 0 | @a刘旭@Aliu xu@4总主编 |
| 702 | 0 | @a郑勇奇@Azheng yong qi@4主编 |
| 702 | 0 | @a李斌@Ali bin@4主编 |
| 801 | 0 | @aCN@bBJSZM@c20201103 |
| 905 | @b1213791-2@dS329.2@e81@f2 | |
| 中国作物及其野生近缘植物.林木卷=Crops and their wild relatives in China.Vol. Forest crops/董玉琛, 刘旭总主编/郑勇奇, 李斌主编.-北京:中国农业出版社,2020.01 |
| 25, 26, 928页:图,照片;26cm |
| 现代农业科技专著大系国家出版基金项目 |
| ISBN 978-7-109-25840-2(精装):CNY240.00 |
| 本书分为导论和各论两大部分,导论部分论述了作物的种类、植物学、细胞学和农艺学分类,以及起源演化的理论,各论部分共35章,含99个栽培种,涉及野生近缘种合计45科95属420种,重点论述了各栽培种的利用价值、地理分布、生产概况、形态特征、生物学特性、栽培历史、遗传变异和种质资源,以及相关属微物的起源、演化、分类,还介绍了栽培树木野生近缘种的特征特性、分布区和特异性状。 |
| ● |
| 相关链接 |
|
|
|
|
正题名:中国作物及其野生近缘植物
索取号:S329.2/81
 
预约/预借
| 序号 | 登录号 | 条形码 | 馆藏地/架位号 | 状态 | 备注 |
| 1 | 1213791 | 212137917 | 第二样本阅览室/ [索取号:S329.2/81] | 在馆 | |
| 2 | 1213792 | 212137926 | 第三借阅区/ [索取号:S329.2/81] | 在馆 |